Fr. Conceicao Rodrigues College of Engineering

Coping with Liberalisation : Industries Response to New Competition (Record no. 27315)

MARC details
000 -LEADER
fixed length control field 00388nam a2200157Ia 4500
082 ## - DEWEY DECIMAL CLASSIFICATION NUMBER
Classification number 338.954
Item number PAL
100 ## - MAIN ENTRY--PERSONAL NAME
Personal name Palande/ P.S.
245 ## - TITLE STATEMENT
Title Coping with Liberalisation : Industries Response to New Competition
260 ## - PUBLICATION, DISTRIBUTION, ETC.
Name of publisher, distributor, etc. Response books
Date of publication, distribution, etc. 2000
300 ## - PHYSICAL DESCRIPTION
Extent 377
546 ## - LANGUAGE NOTE
Language note ENGLISH
650 ## - SUBJECT ADDED ENTRY--TOPICAL TERM
Topical term or geographic name entry element General
654 ## - SUBJECT ADDED ENTRY--FACETED TOPICAL TERMS
Focus term liberalisation industries
942 ## - ADDED ENTRY ELEMENTS (KOHA)
Koha item type Reference Book
Holdings
Withdrawn status Lost status Damaged status Not for loan Collection Home library Current library Date acquired Total Checkouts Full call number Barcode Date last seen Price effective from Koha item type
        CRC Fr. Agnel's C.Rodrigues College of Engineering Fr. Agnel's C.Rodrigues College of Engineering 17/03/2023   338.954 PAL 11570 17/03/2023 17/03/2023 Reference Book